A critique of anti-racism in rhetoric and composition : the semblance of empowerment /

Bibliographic Details
Main Author: Smith, Erec (Author)
Corporate Author: ProQuest (Firm)
Format: eBook
Language:English
Published: Lanham, Maryland : Lexington Books, [2020]
Subjects:
Online Access:Connect to the full text of this electronic book

MARC

Tag First Indicator Second Indicator Subfields
LEADER 00000cam a22000001i 4500
001 in00004154549
006 m |o d |
007 cr |n|||||||||
008 200116t20202020mdu ob 001 0 eng d
005 20250816222929.7
020 |a 9781498590419 (electronic bk.) 
020 |a 1498590411 (electronic bk.) 
020 |z 9781498590402 
020 |z 1498590403 
024 8 |a 99983291047 
035 |a (NhCcYBP)ebc5995619 
040 |a NhCcYBP  |c NhCcYBP  |d UtOrBLW 
050 4 |a HT1521  |b .S54 2020 
082 0 4 |a 305.8  |2 23 
100 1 |a Smith, Erec,  |e author.  |0 http://id.loc.gov/authorities/names/n2018058951 
245 1 2 |a A critique of anti-racism in rhetoric and composition :  |b the semblance of empowerment /  |c Erec Smith. 
264 1 |a Lanham, Maryland :  |b Lexington Books,  |c [2020] 
264 4 |c ©2020 
300 |a 1 online resource. 
336 |a text  |b txt  |2 rdacontent 
337 |a computer  |b c  |2 rdamedia 
338 |a online resource  |b cr  |2 rdacarrier 
504 |a Includes bibliographical references (pages 129-138) and index. 
588 |a Description based on print version record. 
500 |a Electronic resource. 
650 0 |a Anti-racism.  |0 http://id.loc.gov/authorities/subjects/sh2007000043 
650 0 |a Academic writing.  |0 http://id.loc.gov/authorities/subjects/sh93009381 
650 0 |a Rhetoric  |x Social aspects. 
655 7 |a Electronic books.  |2 local 
710 2 |a ProQuest (Firm)  |0 http://id.loc.gov/authorities/names/n2007068018 
776 1 8 |i ebook version :  |z 9781498590419 
776 1 8 |c Original  |z 9781498590402  |z 1498590403 
856 4 0 |u https://ebookcentral.proquest.com/lib/tamucs/detail.action?docID=5995619  |z Connect to the full text of this electronic book  |t 0 
955 |a YBP purchased approval e-records 
980 |b 225.00  |g 1 
987 |a ybp16546890 
999 f f |s bb8cf691-52e8-30d1-98c6-280eabc381f9  |i e7483b46-d0dc-3060-adff-0985ec695981  |t 0 
952 f f |a Texas A&M University  |b College Station  |c Electronic Resources  |d Available Online  |t 0  |e HT1521 .S54 2020  |h Library of Congress classification 
998 f f |a HT1521 .S54 2020  |t 0  |l Available Online